[Event "Mumbai Aurionpro U14 op"]
[Site "Mumbai"]
[Date "2025.06.23"]
[Round "8"]
[White "Aadithya, R."]
[Black "Vidit, Sethi"]
[Result "1/2-1/2"]
[WhiteElo "1721"]
[BlackElo "1895"]
[PlyCount "104"]
[EventDate "2025.06.16"]
[EventType "swiss"]
[EventRounds "9"]
[EventCountry "IND"]
[SourceTitle "CB26_2025"]
[SourceDate "2025.06.25"]
[SourceVersion "1"]
[SourceVersionDate "2025.06.25"]
[SourceQuality "1"]

1. d4 d5 2. Nf3 Nf6 3. e3 e6 4. Bd3 c5 5. b3 Nc6 6. Bb2 Bd6 7. 0-0 b6 8. Nbd2 0-0 9. Ne5 Bb7 10. f4 Rc8 11. a3 Nd7 12. Qg4 f5 13. Qg3 Nf6 14. Ndf3 Qe7 15. Ng5 Ne4 16. Nxc6 Rxc6 17. Bxe4 dxe4 18. Nxe6 Rf7 19. d5 Rc8 20. Ng5 Rff8 21. c4 h6 22. Ne6 Rf7 23. Qg6 Bb8 24. Rad1 a6 25. a4 Qd7 26. h3 Bc7 27. Kh2 Bd8 28. Nxg7 Rxg7 29. Bxg7 Qxg7 30. Qxf5 Rc7 31. Qg4 Qxg4 32. hxg4 Rg7 33. Kh3 Bc8 34. f5 Bg5 35. d6 Rd7 36. a5 bxa5 37. Rfe1 Bb7 38. Kg3 Kg7 39. Kf2 Bh4+ 40. g3 Bf6 41. Rc1 Bc6 42. Red1 Be5 43. Rc2 a4 44. Ra2 axb3 45. Rxa6 Bb7 46. Rb6 b2 47. Rd2 Kf7 48. Kg2 Ke8 49. Rd1 Kf7 50. Kf2 Kf6 51. Rh1 Kg7 52. Rd1 Kf6 1/2-1/2

[Event "Mumbai Aurionpro U14 op"]
[Site "Mumbai"]
[Date "2025.06.22"]
[Round "7"]
[White "Aadithya, R."]
[Black "Krishay, Jain"]
[Result "0-1"]
[WhiteElo "1721"]
[BlackElo "2059"]
[PlyCount "76"]
[EventDate "2025.06.16"]
[EventType "swiss"]
[EventRounds "9"]
[EventCountry "IND"]
[SourceTitle "CB26_2025"]
[SourceDate "2025.06.25"]
[SourceVersion "1"]
[SourceVersionDate "2025.06.25"]
[SourceQuality "1"]

1. d4 Nf6 2. Nf3 e6 3. e3 b6 4. Bd3 Bb7 5. c4 d5 6. cxd5 exd5 7. 0-0 Bd6 8. Nc3 0-0 9. b3 Nbd7 10. Bb2 a6 11. Ne2 Ne4 12. Qc2 Qe7 13. Ng3 f5 14. Nd2 Rf6 15. Ndxe4 fxe4 16. Be2 Raf8 17. Bg4 Nb8 18. Qe2 a5 19. Qc2 Ba6 20. Be2 Bc8 21. Qd1 Rh6 22. h3 Qg5 23. Bg4 Ba6 24. f4 exf3 25. Rxf3 Rhf6 26. Nf5 h5 27. Nxd6 hxg4 28. Rxf6 Rxf6 29. Ne8 Qxe3+ 30. Kh1 Rf1+ 31. Qxf1 Bxf1 32. Rxf1 Qe2 33. Kg1 Qxb2 34. Nxc7 Qxd4+ 35. Kh1 gxh3 36. Rf8+ Kh7 37. gxh3 Qa1+ 38. Kh2 Qe5+ 0-1